| 000 | 01499cam a22003617a 4500 | ||
|---|---|---|---|
| 001 | 14813781 | ||
| 003 | ARRUPE | ||
| 005 | 20211102114234.0 | ||
| 008 | 070419r20072005paua b 001 0 eng | ||
| 010 | _a 2007927200 | ||
| 015 |
_aGBA764921 _2bnb |
||
| 016 | 7 |
_a013818941 _2Uk |
|
| 020 | _a9780762430512 (pbk.) | ||
| 020 | _a0762430516 (pbk.) | ||
| 035 | _a(OCoLC)ocn165412678 | ||
| 040 |
_aUKM _cUKM _dBAKER _dBTCTA _dYDXCP _dOCLCG _dDLC |
||
| 042 | _alccopycat | ||
| 050 | 0 | 0 |
_aQH365 _b.A1 2007 |
| 082 | 0 | 4 |
_a576.82 _222 |
| 100 | 1 |
_aDarwin, Charles, _d1809-1882. _96790 |
|
| 245 | 1 | 0 |
_aDarwin : _bthe indelible stamp : the evolution of an idea / _cedited, with commentary by James D. Watson. |
| 260 |
_aPhiladelphia : _bRunning Press, _c[2007] |
||
| 300 |
_axiv, 1260 p. : _bill. ; _c23 cm. |
||
| 500 | _aOriginally published: 2005. | ||
| 504 | _aIncludes bibliographical references and index. | ||
| 505 | 0 | _aThe voyage of the Beagle -- On the origin of species by means of natural selection -- The descent of man, and selection in relation to sex -- The expression of the emotions in man and animals. | |
| 650 | 0 |
_aNatural selection. _950763 |
|
| 650 | 0 |
_aEvolution (Biology) _910545 |
|
| 700 | 1 |
_aWatson, James D., _d1928- _950924 |
|
| 906 |
_a7 _bcbc _ccopycat _d2 _encip _f20 _gy-gencatlg |
||
| 942 |
_2lcc _cMONOGRAPH |
||
| 999 |
_c131085 _d131085 |
||